000 00302nam a22001337a 4500
008 170412b xxu||||| |||| 00| 0 eng d
020 _a9780815169550
041 _aeng
080 _23 ED
_a618
100 _a10
101 _aSHM
245 _aCOMPREHENSIVE GYNECOLOGY
_cMISHELL.R.D
942 _2udc
_cBK
999 _c10524
_d10524